000 00299 a2200145 4500
260 _aParis
260 _bVigot
245 _aSoins en rééducation précoce
260 _c1982
300 _a159 p.
035 _a8959
999 _c18390
_d18390